| 000 | 02887nam a22002537a 4500 | ||
|---|---|---|---|
| 005 | 20240612112004.0 | ||
| 008 | 220412b ||||| |||| 00| 0 eng d | ||
| 020 | _a8173154694 | ||
| 040 | _cAloy | ||
| 041 | _aeng | ||
| 082 |
_223 _a355.0092H _bCARP |
||
| 100 |
_aIan Cardozo: _9170196 |
||
| 100 |
_937473 _d इयान करडोजो |
||
| 245 |
_aParam vir chakra _b परम वीर चक्र |
||
| 260 |
_aDilli _bPrabhat Prakashan _c2004 |
||
| 300 |
_a245 p. _bPB _c22x14 cm. |
||
| 365 |
_2Military Science _b200.00 _c₹ _d200.00 |
||
| 520 | _aयह गोलियों का सामना करनेवाले साहसी वीरों; विपरीत परिस्थितियों में जान पर खेलकर भी अद्वितीय शौर्य प्रदर्शित करनेवाले जाँबाजों; अपने अधिकारियों द्वारा प्रेरित साहसी भारतीय सैनिकों की कहानी है । हालाँकि युद्ध किसी देश की राजनीति का एक विस्तार है; युद्धक्षेत्र में मुकाबला करने की जिम्मेदारी सैनिक की होती है । ' स्वयं से पहले देश ' वाली संस्कृति में पले भारतीय सेना के सिपाही प्रतिकूल परिस्थितियों को अवसर में बदलते हुए और असंभव को संभव कर दिखाने के साथ विजय प्राप्त करते हुए चुनौतियों का सामना करते हैं । हालाँकि उनके साहसी कारनामों को पुरस्कृत किया जाता है; परंतु कई अन्य बातों को गौर किए जाने की आवश्यकता है कि वह कौन सी चीज है; जो उन्हें ऐसा बनाती है? यह पुस्तक भारतीय सैनिकों की अपने देश के प्रति प्रतिबद्धता और समर्पण को बेहतर तरीके से समझने में मदद करती है । | ||
| 650 |
_aIndian Army: भारतीय सेन _929431 |
||
| 650 |
_aJammu Kashmir War: जम्मू कश्मीर युद्ध _929432 |
||
| 650 |
_aIndia China War: भारत चीन युद्ध _929433 |
||
| 700 |
_aCARDOZO (Ian): करडोजो (इयान) _929434 |
||
| 942 |
_2ddc _cGF |
||
| 999 |
_c222377 _d222377 |
||